00945nam a2200241 a 450000100100000000500170001000800410002702000150006804000250008308200240010810000290013224501560016125000160031726000420033330000430037550000410041865000250045965000330048465000320051704900090054995201280055899900170068600002415220200930022748.0110119s1976 sp ab r 000 0 spa d a8440096380 aDO-SdBNPbspacBNPHU a232.91bM332v, 19761 aMaría, Nectario94959010aVenezuela mariana, o sea, Relación compendiada de las imágenes más célebres de la Santísima Virgen en Venezuela /cNectario María (F.S.C.). a2a ed. aum. aMadrid, (España) :bVillena,c1976. a448 p. :bil., retrs., mapas ;c22 cm. aIncluye referencias bibliográficas 4aVirgen maría95158 4aTeología dogmática93542 4aVirgen maríaxCulto91905 aBNGR 001054708MOaGRbGRcCTd2011-01-19iLF1l0o232.91 M332v, 1976p24152-10r2020-06-25w2020-06-25y4ZPréstamo en sala c23646d23646